000 00853nam a2200313 a 4500
003 AR-BaBNM
005 20251128202732.0
008 082120s2002 ||||||||||||||000 | spa||
020 _a84-7100-385-6
040 _cAR-BaBNM
100 1 _aFernández-Shaw, Carlos M.
245 0 0 _aLa Florida contemporánea
_bFlorida, tú eres
250 _a1ª ed.
260 _aMadrid
_bMapfre
_c1992
300 _a349 p.
490 0 _aEspaña y Estados Unidos
_vv. 2
504 _aContiene bibliografía para consultar p. 321-330.
650 4 _aHISTORIA CULTURAL
650 4 _aHISTORIA ECONOMICA
650 4 _aCULTURA
650 4 _aSOCIEDAD
650 4 _aGEOGRAFIA FISICA
651 4 _aEstados Unidos
651 4 _aEspaña
800 1 _aGallego, José Andrés
_ecoordinador
800 1 _aGannon, MIchael
_edirector
942 _cBK
998 _cmariana
999 _c317
_d317